000 00902nam a2200265 a 4500
001 000036692
005 20200930075857.0
008 120125s1987 es 000 0 spa d
020 _a8432223611
040 _aDO-SdBNP
_bspa
_cBNPHU
100 1 _aGreene, Graham
_d1904-1991.
_911990
240 1 0 _aThe honorary consul ;
_atravels with my aunt
_lespañol
245 1 3 _aEl cónsul honorario ;
_bViajes con mi tía /
_cGraham Greene ; traducción de Enrique Pezzoni.
246 1 4 _aObras completas
250 _a2a ed.
260 _aBarcelona :
_bSeix Barral,
_c1987.
300 _av. ;
_c23 cm.
490 1 _aSuma literaria
_v9
500 _aLa biblioteca posee el v. 2
505 0 _gv. 2 --
_tNarrativa completa
563 _aDos obras con encuadernación juntas con paginación continua
700 1 2 _aPezzoni, Enrique
_962981
740 1 2 _aViajes con mi tía
830 0 _aSuma literaria
_v9
_962982
999 _c36183
_d36183